Effectifs Atlético Madrid 24/25 - Statistiques

Statistiques générales
  • Ce quiz a été pris 99 fois
  • Le résultat moyen est 16 sur 24
Statistiques - réponses
Poste Joueur % Correct
Gardien Jan Oblak
98%
Attaquant Antoine Griezmann
94%
Attaquant Julian Alvarez
83%
Milieu Koke
82%
Attaquant Alexander Sorloth
77%
Défenseur José-Maria Giménez
77%
Défenseur Robin Le Normand
76%
Attaquant Angel Correa
73%
Milieu Marcos Llorente
73%
Milieu Samuel Lino
73%
Défenseur Nahuel Molina
71%
Attaquant Giuliano Simeone
70%
Milieu Rodrigo De Paul
70%
Milieu Conor Gallagher
67%
Défenseur Clément Lenglet
64%
Défenseur Axel Witsel
62%
Milieu Pablo Barrios
61%
Défenseur Javi Galan
58%
Gardien Juan Musso
58%
Attaquant Rodrigo Riquelme
58%
Milieu Thomas Lemar
55%
Défenseur César Azpilicueta
42%
Défenseur Reinildo Mandava
41%
Attaquant Borja Garcés
3%
Aucun quiz correspondant
Distribution des résultats
% des personnes avec chaque résultat
Percentile par nombre de réponses
Votre historique - résultats
Vous n’avez pas pris ce quiz